|
|
|
|
| LEADER |
00000nam0a2200000 4500 |
| 001 |
330602 |
| 005 |
20231102004257.0 |
| 035 |
|
|
|a (RuTPU)RU\TPU\book\356377
|
| 090 |
|
|
|a 330602
|
| 100 |
|
|
|a 20170407d1971 k y0rusy50 ca
|
| 101 |
0 |
|
|a rus
|
| 102 |
|
|
|a RU
|
| 105 |
|
|
|a y z 000zy
|
| 200 |
1 |
|
|a Введение в вероятностный мир. Вопросы методологии
|f Ю. В. Сачков
|g Академия наук СССР (АН СССР), Институт философии (ИФ)
|
| 210 |
|
|
|a Москва
|c Наука
|d 1971
|
| 215 |
|
|
|a 207 с.
|
| 606 |
1 |
|
|a Вероятность
|x Философия
|2 stltpush
|3 (RuTPU)RU\TPU\subj\2262
|9 30849
|
| 610 |
1 |
|
|a методология
|
| 610 |
1 |
|
|a философия
|
| 610 |
1 |
|
|a вероятностные методы
|
| 610 |
1 |
|
|a статистические методы
|
| 610 |
1 |
|
|a случайность
|
| 610 |
1 |
|
|a стохастическая закономерность
|
| 610 |
1 |
|
|a динамические законы
|
| 610 |
1 |
|
|a научное познание
|
| 686 |
|
|
|a Ю212.89
|v LBC/SL-A
|2 rubbk
|
| 700 |
|
1 |
|a Сачков
|b Ю. В.
|g Юрий Владимирович
|
| 712 |
0 |
2 |
|a Академия наук СССР (АН СССР)
|b Институт философии (ИФ)
|2 stltpush
|3 (RuTPU)RU\TPU\col\11338
|
| 801 |
|
1 |
|a RU
|b 63413507
|c 20170407
|
| 801 |
|
2 |
|a RU
|b 63413507
|c 20230130
|g RCR
|
| 942 |
|
|
|c BK
|